000 00597nam a2200169Ia 4500
008 150610s9999 xx 000 0 und d
020 _a345339711
050 _aPR6039
_b.O32L6 1966 pt. 2
100 _aTolkien, John Ronald Reuel, 1892-1973
245 4 _aThe two towers :
_bbeing the second part of the lord of the rings /
_cJ.R.R. Tolkien.
260 _aNew York :
_bBallantine Books,
_c1996.
300 _a398pages ;
_c18 cm.
440 _aThe Lord of the rings ; pt.2
_vv.2
650 _aMiddle Earth (Imaginary place)
_xFiction.
650 _bFantasy Fiction.
650 _xAdventure fiction.
999 _c287842
_d287842